Elvis and His Blue Suede Shoes / (Record no. 5065)
[ view plain ]
| 000 -LEADER | |
|---|---|
| fixed length control field | 01093nam a22002417a 4500 |
| 001 - CONTROL NUMBER | |
| control field | 5065 |
| 003 - CONTROL NUMBER IDENTIFIER | |
| control field | FISKH |
| 005 - DATE AND TIME OF LATEST TRANSACTION | |
| control field | 20241105120155.0 |
| 008 - FIXED-LENGTH DATA ELEMENTS--GENERAL INFORMATION | |
| fixed length control field | 241104b cb ||||| |||| 00| 0 eng d |
| 020 ## - INTERNATIONAL STANDARD BOOK NUMBER | |
| International Standard Book Number | 9781407124131 |
| 040 ## - CATALOGING SOURCE | |
| Original cataloging agency | FISKH |
| Language of cataloging | eng |
| Transcribing agency | FISKH |
| Modifying agency | FISKH |
| 082 ## - DEWEY DECIMAL CLASSIFICATION NUMBER | |
| Classification number | 782.42166092 |
| 100 ## - MAIN ENTRY--PERSONAL NAME | |
| Personal name | Cox, Michael |
| 245 ## - TITLE STATEMENT | |
| Title | Elvis and His Blue Suede Shoes / |
| Statement of responsibility, etc. | by Michael Cox |
| 260 ## - PUBLICATION, DISTRIBUTION, ETC. | |
| Place of publication, distribution, etc. | New York : |
| Name of publisher, distributor, etc. | Scholastic ; |
| Date of publication, distribution, etc. | 2001 . |
| 300 ## - PHYSICAL DESCRIPTION | |
| Extent | 207 pages : |
| Other physical details | illustrations ; |
| Dimensions | 21 cm . |
| 490 ## - SERIES STATEMENT | |
| Series statement | Horribly Famous |
| 520 ## - SUMMARY, ETC. | |
| Summary, etc. | Everybody's heard of Elvis Presley. He is horribly famous for being the King of Rock'n'Roll, having trouble fitting into his spangly white jumpsuits and causing a riot with a wiggle of his pelvis. But not everyone knows that Elvis escaped from tornadoes by hiding in a cave, flew halfway across America for 22 giant sandwiches and had a tooth stuck in his lung... Everything you ever wanted to know about the man with the pelvis. |
| 650 ## - SUBJECT ADDED ENTRY--TOPICAL TERM | |
| Topical term or geographic name entry element | History and Leaders |
| Form subdivision | non-fiction |
| 700 ## - ADDED ENTRY--PERSONAL NAME | |
| Personal name | Reeve, Philip |
| Relator term | illustrator |
| 942 ## - ADDED ENTRY ELEMENTS (KOHA) | |
| Source of classification or shelving scheme | Dewey Decimal Classification |
| Koha item type | Books |
| Suppress in OPAC | No |
| Withdrawn status | Lost status | Source of classification or shelving scheme | Damaged status | Not for loan | Collection | Home library | Current library | Shelving location | Date acquired | Total Checkouts | Full call number | Barcode | Date last seen | Copy number | Price effective from | Koha item type | Date last checked out |
|---|---|---|---|---|---|---|---|---|---|---|---|---|---|---|---|---|---|
| Dewey Decimal Classification | Non-Fiction | Footprints International School Library Network Toul Kork Campus | Footprints International School Library Network Toul Kork Campus | TTP Secondary Non-Fiction Bookshelves | 11/04/2024 | COX 782.42166092 | FIS05396 | 11/04/2024 | 1 | 11/04/2024 | Books | ||||||
| Dewey Decimal Classification | Non-Fiction | Footprints International School Library Network Toul Tom Poung Campus | Footprints International School Library Network Toul Tom Poung Campus | TTP Secondary Non-Fiction Bookshelves | 11/04/2024 | 1 | COX 782.42166092 | FISSE00020 | 09/08/2025 | 2 | 11/04/2024 | Books | 08/19/2025 |
